| 000 | 01110nam a22003257a 4500 | ||
|---|---|---|---|
| 003 | CHAP | ||
| 005 | 20220817041808.0 | ||
| 008 | 971013s1976 r 00010 d | ||
| 010 | _a24723 | ||
| 011 | _a25695 | ||
| 035 | _a29795 | ||
| 040 | _cCHAP | ||
| 082 |
_a080 _bS4 v.287-88 |
||
| 100 | 0 | 0 |
_aBritton, John A. _915458 |
| 245 | _aEducación y radicalismo en México | ||
| 260 |
_aMéxico, D. F. : _bSecretaría de Educación Pública, _c1976 |
||
| 300 | _a2 v. | ||
| 490 |
_aSEP. Setentas _v; 287-288 |
||
| 500 | _aLa biblioteca tiene : v.1 Los años de Bassols (1931-1934).- v.2 Los años de Cárdenas (1934-1940) | ||
| 590 |
_aBATCH-UPD _b10 _c20130110 _lUCH01 _h0935 |
||
| 590 |
_aBATCH-UPD _b10 _c20130410 _lUCH01 _h0553 |
||
| 590 |
_aBATCH-UPD _b10 _c20130914 _lUCH01 _h1236 |
||
| 590 |
_aCONVERSION _b10 _c20130109 _lUCH01 _h1314 |
||
| 650 | 1 | 4 |
_aEducación _xHistoria _zMéxico. _935454 |
| 830 | 0 |
_aSEP. Setentas _v; 287-288 |
|
| 901 | _aBK | ||
| 942 | _cLIBRO | ||
| 949 |
_a080 S4 v.287-88 _bBC _cLIBRO _d-68815 _eLIBRO _i29795 _si |
||
| 949 |
_a080 S4 v.287-88 _bBC _cLIBRO _d-68817 _eLIBRO _fc.2 _i29795 _si |
||
| 999 |
_c24723 _d24723 |
||